Tự nhiên và xã hội 1

Nội dung kiến thức trong toàn bộ cuốn sách được phát triển theo nguyên tắc tự gần đến xa; dẫn dắt học sinh mở rộng vốn hiểu biết tự bản thân đến gia đình, lớp học; từ cuộc sống xã hội xung quanh đến thiên nhiên rộng lớn; từ nhữ...

ver descrição completa

Na minha lista:
Detalhes bibliográficos
Autor principal: Bùi, Phương Nga
Formato: Livro
Idioma:Undetermined
Publicado em: Hà Nội Giáo dục 2009
Assuntos:
Tags: Adicionar Tag
Sem tags, seja o primeiro a adicionar uma tag!
Thư viện lưu trữ: Trung tâm Học liệu Trường Đại học Cần Thơ
LEADER 01316nam a2200217Ia 4500
001 CTU_158906
008 210402s9999 xx 000 0 und d
020 |c 5100 
082 |a 372.35 
082 |b Ng100/L.1 
100 |a Bùi, Phương Nga 
245 0 |a Tự nhiên và xã hội 1 
245 0 |c Bùi Phương Nga (Chủ biên) 
260 |a Hà Nội 
260 |b Giáo dục 
260 |c 2009 
520 |a Nội dung kiến thức trong toàn bộ cuốn sách được phát triển theo nguyên tắc tự gần đến xa; dẫn dắt học sinh mở rộng vốn hiểu biết tự bản thân đến gia đình, lớp học; từ cuộc sống xã hội xung quanh đến thiên nhiên rộng lớn; từ những cây cối, con vật thường gặp đến sự thay đổi của thời tiết diễn ra hằng ngày. Sách giúp giáo viên định hướng phương pháp giảng dạy và soạn giáo án môn Tự nhiên và Xã hội Lớp 1. 
650 |a Natural sciences,Social sciences 
650 |x Study and teaching (Elementary),Study and teaching (Elementary) 
904 |i Bạch Trúc 
980 |a Trung tâm Học liệu Trường Đại học Cần Thơ